The National Gallery complete illustrated catalogue

"Στο cdrom υπάρχουν όλοι οι πίνακες που έχει μόνιμα ή που έχουν δανειστεί για μακροχρόνιο διάστημα στη National Gallery του Λονδίνου. Οι εικόνες υψηλής ανάλυσης επιτρέπουν στο χρήστη να δει κάθε πίνακα ή λεπτομέρεια αυτού με εκπληκτική ευκρίνεια. Στο συνοδευτικό κείμενο υπάρχουν πληροφορίες για...

Πλήρης περιγραφή

Αποθηκεύτηκε σε:
Λεπτομέρειες βιβλιογραφικής εγγραφής
Συγγραφή απο Οργανισμό/Αρχή: National Gallery (Great Britain)
Μορφή: Ηλεκτρονική πηγή
Γλώσσα:English
Δημοσίευση: London : [s.l.] : National Gallery Pub., Distributed by Yale University Press,
Έκδοση:Version 3.0 for Microsoft Windows and Apple Macintosh
Θέματα:
Ετικέτες: Προσθήκη ετικέτας
Δεν υπάρχουν, Καταχωρήστε ετικέτα πρώτοι!

MARC

LEADER 00000nmm a2200000 i 4500
001 1/45522
008 070605s2001 uk eng d
020 |a 1-85709-194-9 
035 |l 10088142 
040 |a GR-MY-UA  |b gre  |e aacr 
041 0 |a eng 
082 0 |a 708.21  |2 (22η εκδ.) 
110 2 |a National Gallery (Great Britain) 
245 1 4 |a The National Gallery complete illustrated catalogue  |h [αρχείο Η/Υ] 
246 3 3 |a Complete illustrated catalogue on CD-ROM 
250 |a Version 3.0 for Microsoft Windows and Apple Macintosh 
250 |a Expanded ed. 
260 |a London :   |a [s.l.] :   |b National Gallery Pub.,   |b Distributed by Yale University Press,  
300 |a 1 οπτική δισκέτα λέιζερ Η/Υ;  |b με ήχ., έγχρ.;  |c 4 3/4 ίν.+  |e 1 φυλλάδιο 
500 |a Τίτλος από την επιφάνεια του cdrom 
520 |a "Στο cdrom υπάρχουν όλοι οι πίνακες που έχει μόνιμα ή που έχουν δανειστεί για μακροχρόνιο διάστημα στη National Gallery του Λονδίνου. Οι εικόνες υψηλής ανάλυσης επιτρέπουν στο χρήστη να δει κάθε πίνακα ή λεπτομέρεια αυτού με εκπληκτική ευκρίνεια. Στο συνοδευτικό κείμενο υπάρχουν πληροφορίες για τον τίτλο του έργου, την ημερομηνία κατασκευής, τα χαρακτηριστικά του, μέσο, διαστάσεις, προέλευση και πηγή του έργου" . - Περίληψη από το κιβώτιο 
538 |a Απαιτήσεις συστήματος: Microsoft Windows 95, 98, 2000, NT4, XP or Macintosh system 7.0 or higher (runs in classic mode on Mac OS X); SVGA colour display or better (at least 640 x 480 pixels with at least 256 colours, thousands or millions of colours recommended); Quick Time software, version 3 or later (version 6 is included on the CD-ROM); 32MB of available RAM; 20MB of available hard disk space for installation 
610 2 0 |a National Gallery (Great Britain)  |x Catalogs. 
650 0 0 |a Painting  |z England  |z London  |x Catalogs. 
852 |a INST  |b SYROS  |c AV  |e 20070605  |h 708.21 NAT  |p 005500007352  |q 005500007352  |t CDROM  |y 23 
901 |a BIBL5-2006-1 
909 |a Ε  |b 131706 
920 |a ΑΝΑΜΟΡΦΩΣΗ  |b ΕΠΕΑΕΚ ΙΙ-ΤΜΣΠΣ  |y ΣΥΡΟΣ  |z 2006-06 
970 |a ΚΟΝΤΟΥ  |b ΠΑΡΑΣΚΕΥΗ  |z 2007/06/05